Huế, Festival và tôi /

Tallennettuna:
Bibliografiset tiedot
Päätekijä: Hoàng Phủ Ngọc Tường.
Aineistotyyppi: Artikkeli
Kieli:Vietnamese
Aiheet:
Tagit: Lisää tagi
Ei tageja, Lisää ensimmäinen tagi!
Thư viện lưu trữ: Thư viện Trường Đại học Đà Lạt
LEADER 00780nam a2200301 4500
001 DLU060053635
040 # # |a DLU  |b vie 
041 # # |a vie 
044 # # |a vn 
100 # # |a Hoàng Phủ Ngọc Tường. 
245 # # |a Huế, Festival và tôi /  |c Hoàng Phủ Ngọc Tường. 
651 # # |a Huế 
653 # # |a Du lịch 
653 # # |a Festival 
653 # # |a Lễ hội 
773 # # |t Văn hóa nghệ thuật  |g Số 5, 2006, tr. 33-37 
920 # # |a Phòng Tạp chí -- Trung tâm Thông tin - Thư viện Trường Đại học Đà Lạt 
933 # # |a DL 
933 # # |a DP 
933 # # |a VN 
994 # # |a DLU 
900 # # |a True 
911 # # |a Nguyễn Thị Minh Cầm 
925 # # |a G 
926 # # |a A 
927 # # |a BB 
980 # # |a Thư viện Trường Đại học Đà Lạt